[Event "Chessable Masters Play-In"]
[Site "chess.com INT"]
[Date "2025.02.17"]
[Round "9"]
[White "Vachier Lagrave,M"]
[Black "Wei Yi"]
[Result "1/2-1/2"]
[WhiteElo "2729"]
[BlackElo "2755"]

1.e4 c5 2.Nf3 d6 3.d4 cxd4 4.Nxd4 Nf6 5.Nc3 a6 6.Be3 e5 7.Nf3 Be7 8.Bc4 Be6
9.Bb3 O-O 10.O-O Qc8 11.Bg5 Nbd7 12.a4 h6 13.Bxe6 fxe6 14.Bxf6 Rxf6 15.Nd2 Qc6
16.Qe2 Rc8 17.Rfd1 Bd8 18.a5 b5 19.axb6 Bxb6 20.Nf3 a5 21.Qd3 Bc7 22.Qb5 Bb6
23.Qd3 Bc7 24.Qb5 Bb6 25.Qd3  1/2-1/2

[Event "Chessable Masters Winners"]
[Site "chess.com INT"]
[Date "2025.02.18"]
[Round "1.1"]
[White "Praggnanandhaa,R"]
[Black "Wei Yi"]
[Result "0-1"]
[WhiteElo "2741"]
[BlackElo "2755"]

1.d4 Nf6 2.Bf4 g6 3.Nc3 d5 4.e3 Bg7 5.h4 h5 6.Nf3 O-O 7.Ne5 c5 8.Qd2 Nc6
9.f3 cxd4 10.exd4 Bf5 11.Bb5 Nxe5 12.dxe5 Nd7 13.O-O-O Nxe5 14.Rhe1 Nc6 15.Bh6 Rc8
16.Bxg7 Kxg7 17.Bxc6 Rxc6 18.g4 hxg4 19.fxg4 Be6 20.h5 d4 21.hxg6 Bxg4 22.Qxd4+ Qxd4
23.Rxd4 Rxg6 24.Rxe7 Bf3 25.b4 Re6 26.Rc7 a6 27.Rd3 Bc6 28.a4 Re5 29.Kb2 Rh8
30.Rg3+ Kf6 31.b5 axb5 32.axb5 Bh1 33.Rg4 Rhh5 34.Kb3 Rhg5 35.Rh4 Rh5 36.Rd4 Kg6
37.Kb4 Rhf5 38.Rd6+ Rf6 39.Rxf6+ Kxf6 40.Na4 Re7 41.b6 Re1 42.c4 Rb1+ 43.Kc5 Ke6
44.Nc3 Rc1 45.Nb5 f5 46.Rc8 f4 47.Nd4+ Kf7 48.Rh8 Rf1 49.Rh4 f3 50.Rf4+ Kg6
51.Kd6 f2 52.Kc5 Kg5 53.Ne6+ Kg6 54.Nf8+ Kg5 55.Ne6+ Kg6 56.Rf8 Re1 57.Rxf2 Rxe6
58.Kb5 Bc6+ 59.Kc5 Rf6 60.Rh2 Kf7 61.Re2 Re6 62.Rh2 Re5+ 63.Kd6 Re6+ 64.Kc7 Re7+
65.Kb8 Re4 66.c5 Ke6 67.Rh5 Re5 68.Rh2 Kd5 69.Kc7 Kxc5 70.Rc2+ Kb5 71.Rb2+ Ka6
72.Ra2+ Ra5 73.Rd2 Ra4 74.Rc2 Kb5 75.Rb2+ Rb4 76.Rf2 Ka5 77.Ra2+ Kb5 78.Re2 Rh4
79.Re5+ Ka6 80.Re7 Rh6 81.Rf7 Rh5 82.Rg7 Rd5 83.Re7 Rd7+ 84.Rxd7 Bxd7 85.Kxd7 Kxb6
86.Ke6 Kc5 87.Ke5 b5 88.Ke4 Kc4 89.Ke3 Kc3 90.Ke4 b4 91.Kf3 b3 92.Ke2 b2
93.Kf2 b1=Q 94.Kg3 Qe4 95.Kf2 Kd4 96.Kg3 Qf5 97.Kh2 Ke3 98.Kg2 Qg6+ 99.Kf1 Qg4
100.Ke1 Qg1+  0-1

[Event "Chessable Masters Winners"]
[Site "chess.com INT"]
[Date "2025.02.18"]
[Round "1.3"]
[White "Praggnanandhaa,R"]
[Black "Wei Yi"]
[Result "0-1"]
[WhiteElo "2741"]
[BlackElo "2755"]

1.d4 Nf6 2.Bf4 g6 3.Nc3 d5 4.e3 Bg7 5.Nb5 Na6 6.Nf3 O-O 7.Be2 Ne4 8.O-O c6
9.Na3 Qb6 10.Rb1 Bf5 11.h3 Rac8 12.Be5 f6 13.Bh2 Rfe8 14.c4 Nb4 15.Ra1 e5
16.cxd5 cxd5 17.dxe5 fxe5 18.Nb5 Kh8 19.a3 Nc2 20.Rc1 Nxe3 21.Rxc8 Rxc8 22.fxe3 Qxe3+
23.Kh1 Nf2+ 24.Rxf2 Rc1 25.Nc3 d4 26.Rf1 Rxd1 27.Rxd1 Bc2 28.Rd2 Bb3 29.Bd1 Bc4
30.Bg1 Qf4 31.Bh2 Qe3 32.Bg1 Qf4 33.Bh2 Qf5 34.Ne2 Qb1 35.Neg1 e4 36.Bc2 Qxb2
37.Bxe4 Qxa3 38.Nxd4 Qe3 39.Ndf3 Qxe4 40.Rd8+ Bg8 41.Rb8 h6 42.Nd2 Qc6 43.Ngf3 Kh7
44.Bf4 g5 45.Be3 a5 46.Ra8 a4 47.Kg1 Qc3 48.Kf2 a3 49.Ra7 a2  0-1

[Event "Chessable Masters Winners"]
[Site "chess.com INT"]
[Date "2025.02.18"]
[Round "2.2"]
[White "Wei Yi"]
[Black "Erigaisi,Arjun"]
[Result "0-1"]
[WhiteElo "2755"]
[BlackElo "2801"]

1.Nf3 Nf6 2.c4 e6 3.b3 d5 4.Bb2 Bd6 5.g3 c5 6.cxd5 exd5 7.d4 cxd4 8.Bg2 Bb4+
9.Nbd2 Bc3 10.Qc1 Bxb2 11.Qxb2 d3 12.exd3 Qe7+ 13.Ne5 Nfd7 14.O-O Nxe5 15.Rae1 Nbc6
16.d4 O-O 17.dxe5 Rd8 18.a3 Bf5 19.f4 a5 20.Rc1 Rac8 21.Rfd1 h6 22.h3 Na7
23.g4 Bh7 24.f5 Rxc1 25.Rxc1 Nc6 26.Re1 Qc5+ 27.Kh1 Qf2 28.Qc1 h5 29.Nf3 hxg4
30.hxg4 d4 31.Qg5 d3 32.f6 Bg6 33.Rd1 d2 34.fxg7 Qe2 35.Qh6 Bh7 36.Ng5 Qe1+
37.Bf1 Be4+ 38.Nxe4 Qxe4+ 39.Bg2 Qe1+ 40.Bf1 Qe4+ 41.Bg2 Qh7 42.Qxh7+ Kxh7
43.Bxc6 bxc6 44.Kg2 Kxg7 45.Kf3 Rd3+ 46.Ke4 Rxb3 47.Rxd2 Rxa3 48.Rd7 Ra1
49.Kf5 Rf1+ 50.Kg5 Re1 51.Kf5 c5 52.Ra7 c4 53.Rxa5 c3 54.Rc5 Rf1+ 55.Kg5 Rf3
56.Rc8 Kh7 57.Kh5 Re3 58.g5 Kg7 59.Kg4 Kg6 60.Rg8+ Kh7 61.Rc8 Kg7 62.Kf4 Rh3
63.Kg4 Rd3 64.Kf5 Kh7 65.Ke4 Rh3 66.Kf4 Kg6 67.Rg8+ Kh7 68.Rc8 Kg7 69.Kf5 Rg3
70.Kf4 Rd3 71.Ke4 Rh3 72.Kf5 Rh1 73.Rxc3 Rf1+ 74.Kg4 Re1 75.Rc5 Re4+ 76.Kf5 Re1
77.Rc7 Kf8 78.g6 Rf1+ 79.Ke4 fxg6 80.e6 Ke8 81.Rf7 Rxf7 82.exf7+ Kxf7 83.Kf4 Kf6
84.Kg4 Kf7 85.Kg5 Kg7 86.Kg4 Kh7 87.Kg5 Kg7 88.Kg4 Kf6 89.Kf4 g5+ 90.Kg4 Kg6
91.Kg3 Kh7 92.Kg4 Kh6 93.Kg3 Kh5 94.Kh3 Kh6 95.Kg3 Kg6 96.Kg4 Kf6 97.Kg3 Kf5
98.Kf3 Ke5 99.Kg4 Kf6 100.Kg3 Kf5 101.Kf3 g4+ 102.Kg3 Kg5 103.Kg2 Kg6 104.Kg3 Kh5
105.Kg2 Kg5 106.Kg3 Kf5 107.Kg2 Kf4 108.Kf2 g3+ 109.Kg2 Kg4 110.Kg1 Kh5 111.Kf1 Kh4
112.Kg2 Kg4 113.Kg1 Kf3 114.Kh1 Kf4  0-1

[Event "Chessable Masters Winners"]
[Site "chess.com INT"]
[Date "2025.02.18"]
[Round "2.1"]
[White "Erigaisi,Arjun"]
[Black "Wei Yi"]
[Result "1-0"]
[WhiteElo "2801"]
[BlackElo "2755"]

1.e4 e5 2.Nf3 Nc6 3.Bb5 Nf6 4.O-O Nxe4 5.d4 Nd6 6.Ba4 e4 7.Re1 Be7 8.Ne5 b5
9.Bb3 Na5 10.Bxf7+ Nxf7 11.Nxf7 Kxf7 12.Qh5+ Kf8 13.Nc3 Qe8 14.Qxb5 Nc6 15.Rxe4 Rb8
16.Qe2 Qf7 17.d5 Nd8 18.Bf4 Rb4 19.Bxc7 Rxe4 20.Qxe4 d6 21.Re1 Bf5 22.Qb4 Qf6
23.Ne4 Bxe4 24.Rxe4 g5 25.Re3 Nf7 26.Re6 Qf5 27.c4 Ne5 28.h3 Nd3 29.Qb8+ Kf7
30.Rxe7+ Kg6 31.Re6+ Kg7 32.Qxa7 Rf8 33.Bxd6+ Rf7 34.Qd4+  1-0

[Event "Chessable Masters Winners"]
[Site "chess.com INT"]
[Date "2025.02.18"]
[Round "2.3"]
[White "Erigaisi,Arjun"]
[Black "Wei Yi"]
[Result "1-0"]
[WhiteElo "2801"]
[BlackElo "2755"]

1.d4 g6 2.e4 Bg7 3.Nf3 d6 4.Bc4 e6 5.O-O a6 6.Re1 Ne7 7.Nc3 b5 8.Bd3 Nd7
9.e5 Bb7 10.Bf4 Bxf3 11.Qxf3 d5 12.Ne2 c5 13.c3 Nc6 14.a3 Qb6 15.Qe3 h6 16.h4 c4
17.Bc2 a5 18.h5 g5 19.Bg3 O-O-O 20.f4 gxf4 21.Nxf4 Rdg8 22.Bf2 a4 23.Qf3 Qb7
24.Rf1 Nd8 25.Bh4 Bf8 26.Rf2 Rg7 27.Raf1 Rhg8 28.Qh3 Nxe5 29.dxe5 Bc5 30.Kh2 Bxf2
31.Rxf2 Qc7 32.Re2 Kb8 33.Qe3 Nc6 34.Qc5 Rg4 35.g3 Qb7 36.Bd1 d4 37.cxd4 Na5
38.Rf2 Nb3 39.Qd6+ Ka7 40.Bxg4 Rxg4 41.d5 exd5 42.Qxd5 Qb6 43.Qxf7+ Ka8 44.Nd5  1-0

[Event "Chessable Masters Losers"]
[Site "chess.com INT"]
[Date "2025.02.19"]
[Round "2.2"]
[White "Wei Yi"]
[Black "Duda,J"]
[Result "1-0"]
[WhiteElo "2755"]
[BlackElo "2739"]

1.e4 e5 2.Nf3 Nc6 3.Bb5 Nf6 4.d3 Bc5 5.Nc3 d6 6.Bg5 h6 7.Bh4 Bb4 8.h3 a6
9.Bxc6+ bxc6 10.O-O Bxc3 11.bxc3 Qe7 12.Nd2 O-O 13.Nc4 Be6 14.Ne3 g5 15.Bg3 Rab8
16.c4 Rb2 17.h4 Rfb8 18.hxg5 hxg5 19.Qe2 c5 20.Rfc1 Qf8 21.Kf1 Qh6 22.Ke1 Nh5
23.Kd2 Nf4 24.Qf3 Qh5 25.Rh1 Qxf3 26.gxf3 Kg7 27.Rag1 Ng6 28.Nf5+ Kf6 29.Ne3 Rxa2
30.Rh5 Nf4 31.Rxg5 Kxg5 32.Bxf4+ Kxf4 33.Rg3 Bg4 34.Rxg4+ Kxf3 35.Rg7 Rf8
36.Nd1 f5 37.Rg3+ Kf4 38.Nc3 fxe4 39.Nxa2 exd3 40.cxd3 e4 41.Nc3 exd3 42.Kxd3 Rh8
43.Nd5+ Kf5 44.Rf3+ Ke5 45.Re3+ Kf5 46.Nxc7 a5 47.Nb5 Rd8 48.Re8 Rd7 49.Nc3 Rb7
50.Ra8 Rb2 51.f3 Rf2 52.Ke3 Rc2 53.Ne4 Ke6 54.Ra6 Rxc4 55.Rxd6+ Ke7 56.Rc6 a4
57.Ra6 Kd7 58.f4 Kc7 59.f5 Rc1 60.Rxa4 Rf1 61.f6 Kc6 62.Ra5 Re1+ 63.Kf4 Kd7
64.Rxc5 Ke8 65.Kf5  1-0

[Event "Chessable Masters Losers"]
[Site "chess.com INT"]
[Date "2025.02.19"]
[Round "2.1"]
[White "Duda,J"]
[Black "Wei Yi"]
[Result "1-0"]
[WhiteElo "2739"]
[BlackElo "2755"]

1.c4 e5 2.Nc3 Bb4 3.Nd5 a5 4.Nf3 d6 5.a3 Bc5 6.e3 c6 7.Nc3 Nd7 8.d4 Ba7 9.Be2 Ngf6
10.O-O O-O 11.b3 Re8 12.Bb2 e4 13.Nd2 d5 14.Qc2 Bb8 15.Rfc1 Nf8 16.Qd1 Ng6
17.cxd5 cxd5 18.Rc2 h5 19.Bxh5 Nxh5 20.Qxh5 Be6 21.Rac1 Qd7 22.Na4 Qd6 23.Nc5 Ne7
24.Nxb7 Qb6 25.Nc5 Bf5 26.Nf1 Bg6 27.Qe2 Bd6 28.a4 Nf5 29.Qb5 Qa7 30.Ng3 Rab8
31.Qe2 Nxg3 32.fxg3 Qe7 33.Qg4 Red8 34.Bc3 Ra8 35.Be1 Ra7 36.Qh4 Qe8 37.g4 Be7
38.Qh3 f6 39.Bg3 Kf7 40.Bf4 Qh8 41.Qg3 Rc8 42.g5 f5 43.Nd7 Rxc2 44.Ne5+ Ke6
45.Rxc2 Be8 46.Rc8 Qh5 47.h3 Bd6 48.Kh2 Rc7 49.Rxc7 Bxc7 50.Qe1 g6 51.Qc3 Qh7
52.Nxg6  1-0

[Event "Chessable Masters Losers"]
[Site "chess.com INT"]
[Date "2025.02.19"]
[Round "2.3"]
[White "Wei Yi"]
[Black "Duda,J"]
[Result "1/2-1/2"]
[WhiteElo "2755"]
[BlackElo "2739"]

1.e4 e6 2.d4 d5 3.Nc3 dxe4 4.Nxe4 Bd7 5.Nf3 Bc6 6.Neg5 Bd6 7.Bc4 Qf6 8.d5 exd5
9.Bxd5 Bxd5 10.Qxd5 Nc6 11.O-O Nge7 12.Qb3 Qg6 13.Nh4 Qh5 14.Qh3 h6 15.Ne4 O-O
16.c3 Ng6 17.Nxd6 cxd6 18.Nf5 Qxh3 19.gxh3 Rad8 20.Be3 Rfe8 21.Rad1 d5 22.Rfe1 Re5
23.Nd4 Nh4 24.Kf1 a6 25.Nxc6 bxc6 26.Bc5 Rxe1+ 27.Rxe1 Nf5 28.Re5 g6 29.Ke2 Rc8
30.Kd3 f6 31.Re2 Kf7 32.c4 Rd8 33.b3 h5 34.Kc3 g5 35.Rd2 Ke6 36.Re2+ Kf7
37.a4 d4+ 38.Kd3 Nh4 39.Re7+ Kg6 40.Re6 Nf3 41.Rd6 Rxd6 42.Bxd6 Kf5 43.b4 Ke6
44.Bb8 f5 45.a5 Kd7 46.Ba7 g4 47.Bb8 Kc8 48.Bf4 Kd7 49.h4 Kc8 50.Bg5 Kb7
51.Bf6 c5 52.b5 Ne1+ 53.Kd2 Nf3+ 54.Kc2 Nxh2 55.Be7 Nf3 56.Bxc5 Nxh4 57.Bxd4 Nf3
58.Be3 h4 59.Kd3 h3 60.Bf4 h2 61.Bxh2 Nxh2 62.Ke3 Nf3 63.Kf4 Nd2 64.Kxf5 Nxc4
65.bxa6+ Kxa6 66.Kxg4 Kxa5 67.f3 Ne5+ 68.Kg3 Nxf3  1/2-1/2

[Event "Bundesliga 2024-25"]
[Site "Munich GER"]
[Date "2025.02.22"]
[Round "9.6"]
[White "Dudin,Gleb"]
[Black "Wei Yi"]
[Result "0-1"]
[WhiteElo "2545"]
[BlackElo "2762"]

1.d4 Nf6 2.c4 e6 3.Nf3 d5 4.g3 Bb4+ 5.Bd2 Be7 6.Bg2 O-O 7.O-O Nbd7 8.Qc2 c6
9.Bf4 a5 10.Rd1 b6 11.Nbd2 Nh5 12.Be3 Ba6 13.Ne5 Rc8 14.Ndf3 c5 15.b3 b5
16.cxd5 cxd4 17.Nc6 dxe3 18.dxe6 fxe6 19.Bh3 exf2+ 20.Kf1 Kh8 21.Bxe6 Rxf3
22.Rxd7 Qb6 23.exf3 b4+ 24.Bc4 Qxc6 25.Rxe7 Qf6  0-1

[Event "Bundesliga 2024-25"]
[Site "Munich GER"]
[Date "2025.02.23"]
[Round "10.2"]
[White "Wei Yi"]
[Black "Dragnev,Valentin"]
[Result "1-0"]
[WhiteElo "2762"]
[BlackElo "2556"]

1.e4 e5 2.Nf3 Nc6 3.Bc4 Bc5 4.c3 Nf6 5.d3 a6 6.O-O d6 7.Bg5 h6 8.Bh4 Ba7
9.Nbd2 Qe7 10.a4 Be6 11.Re1 Bxc4 12.Nxc4 Qe6 13.b3 Ne7 14.d4 Ng6 15.Bxf6 Qxf6
16.g3 O-O 17.h4 exd4 18.cxd4 Rfe8 19.Kg2 c6 20.h5 Nf8 21.e5 dxe5 22.dxe5 Qe6
23.Nd6 Re7 24.Nh4 Rd7 25.Nhf5 f6 26.f4 fxe5 27.Qg4 Bd4 28.Rad1 c5 29.Rxd4 cxd4
30.Rxe5 Qf6 31.Ne4 Qd8 32.Rd5 Kh8 33.Nc5 Qf6 34.Nxd7 Nxd7 35.Rd6  1-0

[Event "7th Prague Masters 2025"]
[Site "Prague CZE"]
[Date "2025.02.26"]
[Round "1.5"]
[White "Keymer,Vincent"]
[Black "Wei Yi"]
[Result "1-0"]
[WhiteElo "2731"]
[BlackElo "2755"]

1.d4 Nf6 2.c4 e6 3.Nc3 Bb4 4.Qc2 O-O 5.e4 d5 6.e5 Ne4 7.a3 Bxc3+ 8.bxc3 c5
9.Bd3 cxd4 10.cxd4 Nc6 11.Ne2 Qa5+ 12.Kf1 f6 13.Bxe4 dxe4 14.exf6 Rxf6 15.Be3 Bd7
16.Kg1 Raf8 17.h4 Ne7 18.Qxe4 Nf5 19.Bg5 Nd6 20.Qd3 Rxf2 21.Be7 Bc6 22.Rh2 Qf5
23.Qxf5 R8xf5 24.d5 exd5 25.Ng3 Nxc4 26.Bc5 R2f4 27.Nxf5 Rxf5 28.Bxa7 b6
29.Rh3 Rf7 30.Bb8 d4 31.Rc1 b5 32.a4 Rd7 33.axb5 Bxb5 34.Rb3 Rd5 35.Bf4 Ne5
36.Rc8+ Kf7 37.Rc7+ Kf6 38.Rb7 Bd7 39.Rg3 Ng4 40.Bg5+ Kf5 41.Rf3+ Kg6 42.Rb6+ Kh5
43.Rf7 Ra5 44.Rd6 Bf5 45.Bc1 d3 46.Rxg7 Kxh4 47.Rf7 Be4 48.Rd4 Bf5 49.Rf4 d2
50.Bxd2 Ra1+ 51.Rf1 Rxf1+ 52.Kxf1 Bd3+ 53.Kg1 Be4 54.Ra7 Bc2 55.Ra5  1-0

[Event "7th Prague Masters 2025"]
[Site "Prague CZE"]
[Date "2025.02.27"]
[Round "2.4"]
[White "Wei Yi"]
[Black "Giri,A"]
[Result "1/2-1/2"]
[WhiteElo "2755"]
[BlackElo "2728"]

1.e4 e5 2.Nf3 Nc6 3.Bc4 Nf6 4.d3 Be7 5.Nc3 d6 6.a3 O-O 7.O-O Be6 8.Nd5 Bd7
9.Ne3 Be6 10.Nd5 Bd7 11.c3 Nxd5 12.Bxd5 a5 13.d4 a4 14.Be3 Bf6 15.Qd3 Qc8
16.Ba2 Ne7 17.Nd2 Ng6 18.Kh1 Be6 19.Bxe6 Qxe6 20.Rae1 Rfe8 21.d5 Qd7 22.g3 Be7
23.c4 Rf8 24.Qe2 b6 25.Qh5 f5 26.exf5 Rxf5 27.Qg4 Raf8 28.Ne4 R8f7 29.Qe2 Rf8
30.Qg4 R8f7 31.Rd1 Bd8 32.Qe2 Rf8 33.f3 Be7 34.Kg1 R5f7 35.Kg2 Rf5 36.Kh1 R5f7
37.Kg1 Rf5 38.Rd2 R5f7 39.Kg2 Qf5 40.Qd1 Ra8 41.Rd3 Nf8 42.Rd2 h6 43.Rdf2 Bg5
44.Nxg5 hxg5 45.Qc2 Nh7  1/2-1/2

[Event "7th Prague Masters 2025"]
[Site "Prague CZE"]
[Date "2025.02.28"]
[Round "3.5"]
[White "Aravindh,Chithambaram VR."]
[Black "Wei Yi"]
[Result "1-0"]
[WhiteElo "2729"]
[BlackElo "2755"]

1.d4 Nf6 2.c4 e6 3.Nf3 d5 4.Nc3 Bb4 5.Qb3 c5 6.dxc5 Nc6 7.Bg5 Qa5 8.Bxf6 dxc4
9.Qxc4 gxf6 10.Rc1 Qxc5 11.Qf4 Ke7 12.g3 e5 13.Qe4 Bxc3+ 14.bxc3 Be6 15.Bg2 Kf8
16.Qh4 Kg7 17.Nd2 Qe7 18.Bxc6 bxc6 19.g4 Rhg8 20.Ne4 Bd5 21.Ng3 Kh8 22.O-O Bxa2
23.c4 Qe6 24.h3 Rg6 25.Rfd1 f5 26.f3 Rag8 27.Rd8 fxg4 28.hxg4 Bxc4 29.Rxg8+ Rxg8
30.Kf2 Bb5 31.Ne4 Kg7 32.Rh1 Qg6 33.Qe7 Qe6 34.Qg5+ Kf8 35.Qd2 Rg6 36.Qd8+ Qe8
37.Qh4 h6 38.Rd1 Qe6 39.Qd8+ Kg7 40.Rd6 Qc4 41.Rxg6+ fxg6 42.Qf6+ Kh7 43.Qe7+ Kh8
44.Kg3  1-0

[Event "7th Prague Masters 2025"]
[Site "Prague CZE"]
[Date "2025.03.01"]
[Round "4.3"]
[White "Wei Yi"]
[Black "Navara,D"]
[Result "1-0"]
[WhiteElo "2755"]
[BlackElo "2677"]

1.e4 e5 2.Nf3 Nc6 3.Bc4 Bc5 4.c3 Nf6 5.d3 d6 6.Bg5 h6 7.Bh4 a5 8.Nbd2 Ba7
9.a4 Qe7 10.O-O g5 11.Bg3 h5 12.h4 g4 13.Ne1 O-O 14.Nc2 Kg7 15.Re1 Ng8 16.Nf1 f5
17.exf5 Nh6 18.Nfe3 Nxf5 19.Nxf5+ Bxf5 20.d4 Bxc2 21.Qxc2 Qf6 22.Re4 exd4
23.Rae1 dxc3 24.bxc3 Qf5 25.Bd3 Qd5 26.Re6 Rf6 27.Rxf6 Kxf6 28.Qd2 Kg7 29.c4 Qc5
30.Re6 Rh8 31.Qf4  1-0

[Event "7th Prague Masters 2025"]
[Site "Prague CZE"]
[Date "2025.03.02"]
[Round "5.4"]
[White "Shankland,S"]
[Black "Wei Yi"]
[Result "0-1"]
[WhiteElo "2670"]
[BlackElo "2755"]

1.d4 Nf6 2.c4 e6 3.Nc3 Bb4 4.g3 O-O 5.Bg2 d5 6.Nf3 dxc4 7.O-O Nc6 8.a3 Bxc3
9.bxc3 Na5 10.Bg5 c5 11.e4 h6 12.Bh4 e5 13.Bxf6 Qxf6 14.Qa4 Nb3 15.Nxe5 Be6
16.Rad1 cxd4 17.Nxc4 b5 18.Qxb5 Rab8 19.Qa4 dxc3 20.e5 Qe7 21.Nd6 c2 22.Rde1 Rfc8
23.Nxc8 Rxc8 24.Rc1 Nxc1 25.Rxc1 Qd8 26.Qb5 Qd1+ 27.Qf1 Rd8  0-1

[Event "7th Prague Masters 2025"]
[Site "Prague CZE"]
[Date "2025.03.04"]
[Round "6.1"]
[White "Wei Yi"]
[Black "Gurel,Ediz"]
[Result "1/2-1/2"]
[WhiteElo "2755"]
[BlackElo "2624"]

1.e4 c5 2.Nf3 e6 3.d4 cxd4 4.Nxd4 Nf6 5.Nd2 d6 6.Bd3 Be7 7.Qe2 O-O 8.O-O Nbd7
9.b3 Nc5 10.c4 Nxd3 11.Qxd3 Bd7 12.a4 a6 13.Ba3 Re8 14.Rfe1 Qc7 15.Bb2 Rad8
16.a5 h6 17.h3 Bc8 18.Qg3 Nh5 19.Qf3 Nf6 20.Qg3 Nh5 21.Qf3 Nf6 22.Bc3 Nd7
23.Nf1 Bf6 24.Ne3 Ne5 25.Qg3 Qe7 26.Rad1 Bh4 27.Qh2 Bf6 28.Qg3 Bh4 29.Qh2 Bf6
30.Re2 Ng6 31.Red2 h5 32.Bb4 Be5 33.g3 Qc7 34.f4 Bf6 35.Ndc2 Be7 36.Qf2 b6
37.axb6 Qxb6 38.Ng2 Qc6 39.Re1 Bb7 40.Ba5 Rb8 41.Kh2 Ba8 42.Rd3 Qc5 43.Qd2 h4
44.g4 e5 45.Bb4 Qc8 46.f5 Nf4 47.Nxf4 Bg5 48.Kg1 exf4 49.Bxd6 Bxe4 50.Rd4 Rxb3
51.Rexe4 Rg3+ 52.Kf1 Rf3+ 53.Kg2 Rg3+ 54.Kf1 Rf3+ 55.Kg2 Rg3+ 56.Kf1  1/2-1/2

[Event "7th Prague Masters 2025"]
[Site "Prague CZE"]
[Date "2025.03.05"]
[Round "7.5"]
[White "Praggnanandhaa,R"]
[Black "Wei Yi"]
[Result "1/2-1/2"]
[WhiteElo "2741"]
[BlackElo "2755"]

1.c4 Nf6 2.Nc3 c5 3.Nf3 e6 4.g3 d5 5.cxd5 exd5 6.d4 Nc6 7.Bg2 cxd4 8.Nxd4 Bc5
9.Nxc6 bxc6 10.Na4 Bb6 11.O-O O-O 12.Nxb6 axb6 13.Qc2 Bd7 14.a4 Re8 15.b4 Ne4
16.Be3 Nd6 17.Bd4 Nf5 18.Bc3 d4 19.Bb2 Qe7 20.b5 Qxe2 21.Rfc1 d3 22.Qxe2 Rxe2
23.bxc6 Be6 24.Bc3 Rc8 25.Rd1 Bc4 26.Rab1 Rc2 27.Ba1 Ne7 28.Rxb6 f6 29.Be4 Re2
30.Bf3 Ra2 31.Rb4 Be6 32.Bb2 Bd5 33.Bxd5+ Nxd5 34.Rb7 Rxc6 35.Rxd3 Rb6 36.Ra7 Rbxb2
37.Rxd5 Rd2 38.Rxd2 Rxd2 39.Kg2 Rd3 40.g4 h5 41.gxh5 Kh7 42.Ra8 Rd4 43.a5 Rd5
44.a6 Rxh5 45.Kf3 Rh4 46.Ke3 Kg6 47.Kd3 Kf5 48.Kc3 Ra4 49.Kb3 Ra1 50.Kc4 Ra2
51.Kb5 Rb2+ 52.Kc6 Rc2+ 53.Kb7 Rb2+ 54.Kc7 Rc2+ 55.Kb6 Rb2+ 56.Kc6 Rc2+ 57.Kb7 Rb2+
58.Ka7 Rxf2 59.Rh8 g5 60.Ka8 g4 61.a7  1/2-1/2

[Event "7th Prague Masters 2025"]
[Site "Prague CZE"]
[Date "2025.03.06"]
[Round "8.1"]
[White "Wei Yi"]
[Black "Nguyen,Thai Dai Van"]
[Result "1-0"]
[WhiteElo "2755"]
[BlackElo "2668"]

1.e4 e5 2.Nf3 Nc6 3.Bc4 Nf6 4.Ng5 d5 5.exd5 Na5 6.Bb5+ Bd7 7.Qe2 Be7 8.Nf3 Nxd5
9.Bxd7+ Qxd7 10.Nxe5 Qf5 11.d4 Nb4 12.Na3 O-O-O 13.Be3 Nbc6 14.Nxc6 Nxc6
15.c3 Bxa3 16.bxa3 Ne7 17.O-O Rhe8 18.c4 Qe4 19.d5 Nf5 20.Rae1 h6 21.h3 g6
22.a4 Re7 23.Rc1 Rde8 24.Rc3 Qd4 25.Qd2 Qxd2 26.Bxd2 Re2 27.Rd1 h5 28.Kf1 Nd6
29.Rcc1 b6 30.a5 Kd7 31.a3 R2e4 32.axb6 cxb6 33.c5 bxc5 34.Rxc5 Rd4 35.Rc7+ Kxc7
36.Ba5+ Kd7 37.Rxd4 Re4 38.Rd3 Ra4 39.Bd2 Nc4 40.Bb4 a5 41.Bf8 Nd6 42.Rc3 Ne4
43.Rc2 Rd4 44.f3 Ng3+ 45.Kf2 Nf5 46.g4 hxg4 47.hxg4 Ne7 48.Rc5 Nxd5 49.Rxa5 Rd2+
50.Ke1 Rd3 51.Bh6 Ke6 52.Ke2 Rb3 53.Ra6+ Ke7 54.a4 Rb2+ 55.Bd2 Ra2 56.a5 f6
57.Kd3 Kd7 58.g5 fxg5 59.Rxg6 Nf4+ 60.Bxf4 Ra3+ 61.Ke2 gxf4 62.a6 Ke7 63.Rb6 Kf7
64.Rb7+ Kf6 65.a7 Ke5 66.Kd2 Kd4 67.Rd7+ Kc4 68.Kc2 Ra2+ 69.Kb1 Ra6 70.Kb2 Ra5
71.Rc7+ Kd4 72.Kb3 Ke3 73.Kb4 Ra1 74.Rc3+ Kd4 75.Ra3 Rb1+ 76.Ka5  1-0

[Event "7th Prague Masters 2025"]
[Site "Prague CZE"]
[Date "2025.03.07"]
[Round "9.3"]
[White "Le,Quang Liem"]
[Black "Wei Yi"]
[Result "1/2-1/2"]
[WhiteElo "2739"]
[BlackElo "2755"]

1.d4 Nf6 2.c4 e6 3.Nf3 d5 4.Nc3 Bb4 5.Bg5 h6 6.Bxf6 Qxf6 7.e3 O-O 8.Qb3 c5
9.cxd5 exd5 10.dxc5 Bxc3+ 11.Qxc3 Qxc3+ 12.bxc3 Nd7 13.Rd1 Nf6 14.Nd4 Bd7
15.f3 Rfc8 16.Nb3 Kf8 17.Bd3 Ba4 18.Bf5 Rc7 19.Rd4 Bxb3 20.axb3 g6 21.Bd3 Rxc5
22.Kd2 Rac8 23.Ra1 a6 24.Ra3 R5c6 25.b4 Ke7 26.b5 axb5 27.Bxb5 Rb6 28.Rb4 Kd6
29.Raa4 Rc7 30.g4 g5 31.Ra8 Kc5 32.Ra5 Kd6 33.Ra8 Kc5 34.Ra5 Kd6 35.Ba4 Rxb4
36.cxb4 h5 37.h3 hxg4 38.hxg4 Ng8 39.Ra8 Ne7 40.Rd8+ Ke6 41.Bb3 Rd7 42.Re8 Kd6
43.Rh8 Nc6 44.Ba4 Rc7 45.Bxc6 Rxc6 46.Kd3 f6 47.Rh6 Ke5 48.Rh5 Rc4 49.b5 Rb4
50.f4+ Ke6 51.fxg5 fxg5 52.Rxg5 Rxb5 53.Rf5 Rb2 54.Rf4 Rg2 55.Rb4 Ke5 56.Rxb7  1/2-1/2

[Event "Chess.com Classic Winners"]
[Site "chess.com INT"]
[Date "2025.05.20"]
[Round "1.2"]
[White "Artemiev,V"]
[Black "Wei Yi"]
[Result "0-1"]
[WhiteElo "2679"]
[BlackElo "2758"]

1.Nf3 c5 2.b3 Nf6 3.Bb2 d5 4.e3 g6 5.c4 dxc4 6.Bxc4 Bg7 7.O-O O-O 8.d4 cxd4
9.Nxd4 Bd7 10.Nd2 Nc6 11.N2f3 Nxd4 12.Bxd4 Bc6 13.Rc1 Ne4 14.Bxg7 Kxg7 15.Ne5 Be8
16.Bd5 Nd6 17.Qd4 f6 18.Nd3 e5 19.Qb2 Bf7 20.Bxf7 Rxf7 21.Rfd1 Qf8 22.h3 Re8
23.Nb4 Rd8 24.Nd5 Rfd7 25.Nc3 Qf7 26.Rd2 Nf5 27.Rxd7 Rxd7 28.Ne4 b6 29.Rc6 Qd5
30.Qc2 Nd6 31.Nxd6 Rxd6 32.Rc7+ Rd7 33.Kh2 h5 34.h4 Qd6 35.Rc8 e4+ 36.g3 Qe6
37.Kg2 Qf5 38.Kg1 Qf3 39.Rc7 Rxc7 40.Qxc7+ Kh6 41.Qd6 g5 42.hxg5+ Kxg5 43.Qd7 Kg6
44.Qe8+ Kg7 45.Qe7+ Kg6 46.Qd8 Kg7 47.Qd5 Qg4 48.Kf1 Qh3+ 49.Ke2 Qg4+ 50.Ke1 Qf3
51.Qd7+ Kg6 52.Qe8+ Kg7 53.Qe7+ Kg6 54.Qe8+ Kg7 55.Qd7+ Kg6 56.Qh3 Qg4 57.Qxg4+ hxg4
58.Kd2 Kf5 59.Kc3 Ke5 60.Kc4 a6 61.a4 Kd6 62.Kd4 f5 63.b4 Ke6 64.Kc4 Kd6
65.a5 bxa5 66.bxa5 Kc6 67.Kd4 Kb5 68.Ke5 Kxa5 69.Kxf5 Kb4 70.Kxe4 a5 71.Kd3 Kb3
72.e4 a4 73.e5 a3 74.e6 a2 75.e7 a1=Q 76.e8=Q Qd1+ 77.Ke3 Qe1+ 78.Kf4 Qxe8
79.Kxg4 Qf7 80.f4 Kc4 81.Kf3 Kd4 82.Kg4 Qe6+ 83.Kg5 Ke4 84.g4 Qg8+ 85.Kh5 Kxf4
86.g5 Qh7+  0-1

[Event "Chess.com Classic Winners"]
[Site "chess.com INT"]
[Date "2025.05.20"]
[Round "1.3"]
[White "Wei Yi"]
[Black "Artemiev,V"]
[Result "1/2-1/2"]
[WhiteElo "2758"]
[BlackElo "2679"]

1.e4 e5 2.Nf3 Nc6 3.Nc3 Nf6 4.d4 exd4 5.Nxd4 Bb4 6.Nxc6 bxc6 7.Bd3 O-O 8.O-O d5
9.exd5 cxd5 10.Bg5 Be6 11.Qf3 h6 12.Bxf6 Qxf6 13.Qxf6 gxf6 14.Nb5 c5 15.a3 Ba5
16.b4 Bb6 17.bxc5 Bxc5 18.Nc7 Rac8 19.Nxe6 fxe6 20.Rfe1 Kf7 21.Kf1 Rb8 22.a4 Rb4
23.Bb5 Rb8 24.g3 Rb6 25.Red1 Rb2 26.Bd3 a5 27.f3 Bd4 28.Ra3 Rb1 29.Rxb1 Rxb1+
30.Kg2 Rd1 31.Rb3 Rd2+ 32.Kh1 Ke7 33.Rb5 Rf2 34.f4 Kd6 35.Rxa5 e5 36.fxe5+ fxe5
37.c4 dxc4 38.Bxc4 Rc2 39.Bd3 Rd2 40.Be4 Re2 41.Bd3 Re1+ 42.Kg2 e4 43.Bc4 Rd1
44.Rd5+ Kc6 45.Rh5 Rd2+ 46.Kh3 Bg1 47.Bb5+ Kc7 48.Kg4 Rxh2 49.Rxh2 Bxh2 50.Kf4 h5
51.Kxe4 Bxg3 52.Be2 h4 53.a5 Kb7 54.a6+ Ka7 55.Kf3  1/2-1/2

[Event "Chess.com Classic Winners"]
[Site "chess.com INT"]
[Date "2025.05.20"]
[Round "1.4"]
[White "Artemiev,V"]
[Black "Wei Yi"]
[Result "1/2-1/2"]
[WhiteElo "2679"]
[BlackElo "2758"]

1.c4 c5 2.g3 g6 3.Bg2 Bg7 4.Nc3 Nf6 5.d3 Nc6 6.Bd2 d6 7.Qc1 h5 8.Nf3 Rb8
9.Rb1 a6 10.a4 Bd7 11.O-O O-O 12.Bh6 Nb4 13.Bxg7 Kxg7 14.Ra1 b5 15.axb5 axb5
16.cxb5 Bxb5 17.d4 cxd4 18.Nxd4 Bd7 19.Qd2 h4 20.gxh4 Rh8 21.Qg5 Rh5 22.Qg3 Qb6
23.Nf3 Nc2 24.Rad1 Rbh8 25.Rd2 Nb4 26.h3 Bc6 27.Nd4 Bd7 28.e4 Nc6 29.Nd5 Nxd5
30.Nxc6 Qxc6 31.exd5 Qc4 32.Re1 Qxh4 33.Qc3+ Qf6 34.Rd3 Bxh3 35.Rxh3 Rxh3
36.Bxh3 Qxc3 37.bxc3 Rxh3 38.Rxe7 Rxc3 39.Rd7 Kf6 40.Rxd6+ Ke7 41.Ra6 Rd3
42.Ra7+ Kf6 43.Rd7 Ke5 44.Rxf7 Rxd5 45.Kg2 Rd3 46.f3 g5 47.Kg3 Rd1 48.Kg4 Rg1+
49.Kh5 Ke6 50.Kg6 g4 51.f4 g3 52.Rf5 g2 53.Re5+ Kd6 54.Rg5 Rf1 55.Rxg2 Rxf4
56.Kg5 Rd4 57.Rg4 Rxg4+ 58.Kxg4  1/2-1/2

[Event "Chess.com Classic Winners"]
[Site "chess.com INT"]
[Date "2025.05.20"]
[Round "1.1"]
[White "Wei Yi"]
[Black "Artemiev,V"]
[Result "1/2-1/2"]
[WhiteElo "2758"]
[BlackElo "2679"]

1.e4 e5 2.Nf3 Nc6 3.Bc4 Nf6 4.d3 Be7 5.Nc3 O-O 6.a3 d6 7.Be3 Kh8 8.h3 Nd7
9.g4 Nb6 10.Ba2 Be6 11.Nd5 Nb8 12.d4 Bxd5 13.exd5 N8d7 14.dxe5 Nxe5 15.Nxe5 dxe5
16.Qd2 Bd6 17.O-O-O Qe7 18.Rhe1 Nd7 19.f4 exf4 20.Bxf4 Qf6 21.Bg5 Qg6 22.Bc4 Ne5
23.Be2 Rae8 24.Kb1 f5 25.gxf5 Qxf5 26.h4 Nf3 27.Bxf3 Qxf3 28.Re3 Qh5 29.Re6 h6
30.Be3 Rxe6 31.dxe6 Re8 32.Bxa7 Rxe6 33.Bd4 Rg6 34.Re1 Qxh4 35.Re8+ Kh7 36.Qd3 Qh1+
37.Ka2 Qc6 38.Rd8 Be7 39.Rb8 b6 40.b3 Qe6 41.Bb2 Bf6 42.Bxf6 Qxf6 43.Qc4 Rg1
44.Qg8+ Kg6 45.Qe8+ Kf5 46.Qd7+ Kg5 47.Qd2+ Kg6 48.Qd3+ Kf7 49.Qd7+ Kg6 50.Qd3+ Kf7
51.Qd7+ Kg6 52.Qd3+  1/2-1/2